Glossary of educational technology terms / (Record no. 135740)

MARC details
000 -LEADER
fixed length control field 00775nam a22002297a 4500
005 - DATE AND TIME OF LATEST TRANSACTION
control field 20170124110249.0
010 ## - LIBRARY OF CONGRESS CONTROL NUMBER
LC control number A-333759
020 ## - INTERNATIONAL STANDARD BOOK NUMBER
Terms of availability 00.00
International Standard Book Number 9230025178
035 ## - SYSTEM CONTROL NUMBER
System control number A-333759
037 ## - SOURCE OF ACQUISITION
Source of stock number/acquisition Cen Lib/Ret
040 ## - CATALOGING SOURCE
Original cataloging agency DPL
Language of cataloging EN
082 ## - DEWEY DECIMAL CLASSIFICATION NUMBER
Classification number 370.1
Item number GLO
110 ## - MAIN ENTRY--CORPORATE NAME
Corporate name or jurisdiction name as entry element Paris.Division of educational sciences,contents and methods of education,Unesco
9 (RLIN) 98267
245 ## - TITLE STATEMENT
Title Glossary of educational technology terms /
260 ## - PUBLICATION, DISTRIBUTION, ETC. (IMPRINT)
Place of publication, distribution, etc Paris
Name of publisher, distributor, etc Unesco
Date of publication, distribution, etc 1987
270 ## - ADDRESS
Address 7 Place de Fontenoy
City Paris
300 ## - PHYSICAL DESCRIPTION
Extent 263p.
Dimensions 21cm(Hb)
500 ## - GENERAL NOTE
General note Includes bibliographical references and index
650 ## - SUBJECT ADDED ENTRY--TOPICAL TERM
Topical term or geographic name as entry element Educational technology -- Dictionaries.
9 (RLIN) 98268
650 ## - SUBJECT ADDED ENTRY--TOPICAL TERM
Topical term or geographic name as entry element English language -- Dictionaries -- French.
9 (RLIN) 98269
942 ## - ADDED ENTRY ELEMENTS (KOHA)
Source of classification or shelving scheme Dewey Decimal Classification
Koha item type English Books
Classification part 370.1
Call number suffix GLO
Holdings
Withdrawn status Lost status Damaged status Not for loan Collection code Home library Current library Date acquired Source of acquisition Cost, normal purchase price Total Checkouts Full call number Barcode Date last seen Copy number Cost, replacement price Price effective from Koha item type
      Not For Loan Reference Central Library Central Library 08/10/2015 Cen Lib/Ret 0.00   370.1 GLO A-333759 08/10/2015 1 0.00 08/10/2015 English Books

© Delhi Public Library
Hit Counter
free hit counter